[Event "Reykjavik Open 2025"]
[Site "Reykjavik, Iceland"]
[Date "2025.04.13"]
[Round "6.6"]
[White "Gorshtein, Ido"]
[Black "Garifullina, Leya"]
[Result "1/2-1/2"]
[WhiteElo "2557"]
[WhiteTitle "GM"]
[WhiteFideId "2815532"]
[BlackElo "2459"]
[BlackTitle "IM"]
[BlackFideId "34127035"]
[TimeControl "90+30 +30 after 40 moves"]
[Variant "Standard"]
[StudyName "Round 6"]
1. c4 { [%clk 1:28:26] } 1... e5 { [%clk 1:30:48] } 2. g3 { [%clk 1:28:48] } 2... c6 { [%clk 1:31:13] } 3. d4 { [%clk 1:29:04] } 3... e4 { [%clk 1:31:37] } 4. a3 { [%clk 1:29:28] } 4... d5 { [%clk 1:31:43] } 5. Nc3 { [%clk 1:29:48] } 5... Be7 { [%clk 1:26:26] } 6. Bg2 { [%clk 1:29:07] } 6... Nf6 { [%clk 1:25:20] } 7. f3 { [%clk 1:29:18] } 7... exf3 { [%clk 1:24:32] } 8. Nxf3 { [%clk 1:29:41] } 8... O-O { [%clk 1:23:47] } 9. O-O { [%clk 1:30:03] } 9... dxc4 { [%clk 1:15:46] } 10. e4 { [%clk 1:30:17] } 10... Bg4 { [%clk 1:15:22] } 11. Be3 { [%clk 1:29:27] } 11... Nbd7 { [%clk 1:14:15] } 12. h3 { [%clk 1:24:00] } 12... Bxf3 { [%clk 1:11:27] } 13. Qxf3 { [%clk 1:21:50] } 13... Ne8 { [%clk 1:09:45] } 14. h4 { [%clk 1:09:31] } 14... Nc7 { [%clk 1:01:52] } 15. Rad1 { [%clk 1:06:30] } 15... Qe8 { [%clk 0:56:44] } 16. Kh1 { [%clk 1:00:15] } 16... Rd8 { [%clk 0:54:32] } 17. Qg4 { [%clk 0:48:26] } 17... Kh8 { [%clk 0:51:15] } 18. h5 { [%clk 0:43:16] } 18... c5 { [%clk 0:46:23] } 19. h6 { [%clk 0:42:56] } 19... g6 { [%clk 0:46:30] } 20. e5 { [%clk 0:35:08] } 20... cxd4 { [%clk 0:45:07] } 21. e6 { [%clk 0:30:12] } 21... Nxe6 { [%clk 0:42:04] } 22. Bxd4+ { [%clk 0:30:33] } 22... Nxd4 { [%clk 0:41:56] } 23. Qxd4+ { [%clk 0:30:50] } 23... f6 { [%clk 0:41:14] } 24. Rde1 { [%clk 0:27:24] } 24... g5 { [%clk 0:35:17] } 25. Bd5 { [%clk 0:23:11] } 25... Bc5 { [%clk 0:32:07] } 26. Qxc4 { [%clk 0:22:54] } 26... Qh5+ { [%clk 0:29:48] } 27. Kg2 { [%clk 0:23:17] } 27... b6 { [%clk 0:27:19] } 28. Rh1 { [%clk 0:14:01] } 28... Qg6 { [%clk 0:27:14] } 29. Be4 { [%clk 0:12:54] } 29... Ne5 { [%clk 0:26:10] } 30. Qe2 { [%clk 0:13:00] } 30... f5 { [%clk 0:24:28] } 31. Bf3 { [%clk 0:08:50] } 31... Rfe8 { [%clk 0:21:44] } 32. Rd1 { [%clk 0:08:09] } 32... Rxd1 { [%clk 0:20:45] } 33. Qxd1 { [%clk 0:05:40] } 33... g4 { [%clk 0:16:39] } 34. Bd5 { [%clk 0:04:25] } 34... f4 { [%clk 0:16:22] } 35. gxf4 { [%clk 0:03:29] } 35... Nd3 { [%clk 0:16:37] } 36. Rf1 { [%clk 0:03:06] } 36... Re3 { [%clk 0:15:37] } 37. Be4 { [%clk 0:01:37] } 37... Qh5 { [%clk 0:15:44] } 38. Rh1 { [%clk 0:01:57] } 38... Nxf4+ { [%clk 0:16:08] } 39. Kf1 { [%clk 0:02:22] } 39... Rd3 { [%clk 0:09:13] } 40. Rxh5 { [%clk 0:01:01] } 40... Rxd1+ { [%clk 0:09:38] } 41. Nxd1 { [%clk 0:01:27] } 41... Nxh5 { [%clk 0:10:04] } 42. Kg2 { [%clk 0:29:49] } 42... Bd4 { [%clk 0:36:28] } 43. Bf5 { [%clk 0:28:22] } 43... Nf6 { [%clk 0:36:25] } 44. Nf2 { [%clk 0:22:25] } 44... Bxf2 { [%clk 0:32:06] } 45. Kxf2 { [%clk 0:22:49] } 45... Ng8 { [%clk 0:31:12] } 46. Bxg4 { [%clk 0:23:12] } 46... Nxh6 { [%clk 0:31:40] } 47. Bh3 { [%clk 0:22:33] } 47... Kg7 { [%clk 0:31:35] } 48. Ke3 { [%clk 0:22:57] } 48... Kf6 { [%clk 0:30:02] } 49. Ke4 { [%clk 0:22:20] } 49... Nf7 { [%clk 0:28:57] } 50. Kd5 { [%clk 0:22:24] } 50... Ne5 { [%clk 0:29:23] } 51. Bf1 { [%clk 0:19:01] } 51... h5 { [%clk 0:27:56] } 52. Kd6 { [%clk 0:19:24] } 52... h4 { [%clk 0:25:07] } 53. Kc7 { [%clk 0:18:35] } 53... Nf3 { [%clk 0:24:02] } 54. Kb7 { [%clk 0:17:37] } 54... Nd2 { [%clk 0:24:27] } 55. Bh3 { [%clk 0:17:16] } 55... Nc4 { [%clk 0:24:53] } 56. Kxa7 { [%clk 0:16:38] } 56... Nxb2 { [%clk 0:25:15] } 57. Bf1 { [%clk 0:16:03] } 57... Ke5 { [%clk 0:25:11] } 1/2-1/2

[Event "Reykjavik Open 2025"]
[Site "Reykjavik, Iceland"]
[Date "2025.04.13"]
[Round "6.9"]
[White "Papp, Gabor"]
[Black "Prraneeth Vuppala"]
[Result "1/2-1/2"]
[WhiteElo "2502"]
[WhiteTitle "GM"]
[WhiteFideId "718602"]
[BlackElo "2433"]
[BlackTitle "GM"]
[BlackFideId "46622373"]
[TimeControl "90+30 +30 after 40 moves"]
[Variant "Standard"]
[StudyName "Round 6"]
1. e4 { [%clk 1:30:56] } 1... c5 { [%clk 1:27:23] } 2. Nf3 { [%clk 1:31:16] } 2... d6 { [%clk 1:27:44] } 3. d4 { [%clk 1:31:41] } 3... cxd4 { [%clk 1:28:06] } 4. Nxd4 { [%clk 1:32:07] } 4... Nf6 { [%clk 1:28:29] } 5. Nc3 { [%clk 1:32:30] } 5... e5 { [%clk 1:28:29] } 6. Bb5+ { [%clk 1:32:24] } 6... Nbd7 { [%clk 1:28:31] } 7. Nf5 { [%clk 1:31:24] } 7... a6 { [%clk 1:28:03] } 8. Ba4 { [%clk 1:30:45] } 8... b5 { [%clk 1:27:41] } 9. Bb3 { [%clk 1:31:11] } 9... Nc5 { [%clk 1:28:03] } 10. Bg5 { [%clk 1:30:45] } 10... Bxf5 { [%clk 1:27:46] } 11. exf5 { [%clk 1:31:09] } 11... Be7 { [%clk 1:28:06] } 12. Bxf6 { [%clk 1:27:32] } 12... Bxf6 { [%clk 1:28:25] } 13. Qf3 { [%clk 1:27:57] } 13... e4 { [%clk 1:26:58] } 14. Nxe4 { [%clk 1:25:38] } 14... Bxb2 { [%clk 1:26:52] } 15. Nxd6+ { [%clk 1:20:53] } 15... Qxd6 { [%clk 1:26:55] } 16. Qxa8+ { [%clk 1:20:10] } 16... Kd7 { [%clk 1:27:15] } 17. Qa7+ { [%clk 1:05:06] } 17... Kc6 { [%clk 1:27:21] } 18. O-O { [%clk 1:05:29] } 18... Bxa1 { [%clk 1:27:40] } 19. Rxa1 { [%clk 1:05:53] } 19... Rd8 { [%clk 1:26:56] } 20. c4 { [%clk 0:35:09] } 20... b4 { [%clk 1:13:31] } 21. Re1 { [%clk 0:30:18] } 21... Qd7 { [%clk 1:09:15] } 22. Ba4+ { [%clk 0:29:46] } 22... Nxa4 { [%clk 1:07:18] } 23. Qxa6+ { [%clk 0:30:12] } 23... Nb6 { [%clk 0:58:56] } 24. c5 { [%clk 0:30:33] } 24... Qb7 { [%clk 0:58:47] } 25. Qxb7+ { [%clk 0:18:34] } 25... Kxb7 { [%clk 0:59:14] } 26. cxb6 { [%clk 0:19:02] } 26... Rd2 { [%clk 0:55:39] } 27. g4 { [%clk 0:19:28] } 27... Rxa2 { [%clk 0:52:44] } 28. Re4 { [%clk 0:19:03] } 28... Ra4 { [%clk 0:37:20] } 29. g5 { [%clk 0:19:12] } 29... f6 { [%clk 0:28:10] } 30. g6 { [%clk 0:15:29] } 30... hxg6 { [%clk 0:28:34] } 31. fxg6 { [%clk 0:15:57] } 31... Kxb6 { [%clk 0:28:52] } 32. Kg2 { [%clk 0:16:24] } 32... Kc6 { [%clk 0:19:23] } 33. h4 { [%clk 0:14:03] } 33... Kd6 { [%clk 0:19:32] } 34. h5 { [%clk 0:12:29] } 34... Ra5 { [%clk 0:19:21] } 35. Rxb4 { [%clk 0:12:05] } 35... Ke5 { [%clk 0:19:04] } 1/2-1/2

[Event "Reykjavik Open 2025"]
[Site "Reykjavik, Iceland"]
[Date "2025.04.13"]
[Round "6.18"]
[White "Xu, Yuanyuan"]
[Black "Sivuk, Vitaly"]
[Result "0-1"]
[WhiteElo "2288"]
[WhiteTitle "WGM"]
[WhiteFideId "8601089"]
[BlackElo "2505"]
[BlackTitle "GM"]
[BlackFideId "14116502"]
[TimeControl "90+30 +30 after 40 moves"]
[Variant "Standard"]
[StudyName "Round 6"]
1. d4 { [%clk 1:30:57] } 1... Nf6 { [%clk 1:25:42] } 2. c4 { [%clk 1:31:21] } 2... e6 { [%clk 1:26:02] } 3. Nc3 { [%clk 1:31:44] } 3... Bb4 { [%clk 1:26:22] } 4. e3 { [%clk 1:32:07] } 4... O-O { [%clk 1:26:39] } 5. Ne2 { [%clk 1:32:13] } 5... Re8 { [%clk 1:26:57] } 6. a3 { [%clk 1:32:25] } 6... Bf8 { [%clk 1:27:18] } 7. e4 { [%clk 1:32:16] } 7... d5 { [%clk 1:27:37] } 8. e5 { [%clk 1:32:38] } 8... Nfd7 { [%clk 1:27:59] } 9. h4 { [%clk 1:32:49] } 9... c5 { [%clk 1:28:19] } 10. Bg5 { [%clk 1:30:00] } 10... Qb6 { [%clk 1:28:39] } 11. cxd5 { [%clk 1:27:27] } 11... cxd4 { [%clk 1:29:02] } 12. Nxd4 { [%clk 1:10:29] } 12... exd5 { [%clk 1:29:21] } 13. Be2 { [%clk 0:58:31] } 13... Nxe5 { [%clk 1:29:30] } 14. Nxd5 { [%clk 0:48:55] } 14... Qc5 { [%clk 1:29:51] } 15. Nb5 { [%clk 0:41:45] } 15... Bg4 { [%clk 1:21:23] } 16. Ne3 { [%clk 0:16:38] } 16... Bxe2 { [%clk 1:20:09] } 17. Qxe2 { [%clk 0:17:04] } 17... a6 { [%clk 1:15:06] } 18. Nc3 { [%clk 0:17:04] } 18... Nbc6 { [%clk 1:15:27] } 19. O-O { [%clk 0:14:12] } 19... h6 { [%clk 1:10:42] } 20. Bxh6 { [%clk 0:08:41] } 20... Nd4 { [%clk 1:07:10] } 21. Qd1 { [%clk 0:07:52] } 21... Rad8 { [%clk 1:05:01] } 22. Ned5 { [%clk 0:03:00] } 22... Rxd5 { [%clk 1:02:16] } 23. Nxd5 { [%clk 0:03:27] } 23... Qxd5 { [%clk 1:02:38] } 24. Be3 { [%clk 0:03:38] } 24... Nef3+ { [%clk 0:56:50] } 25. Kh1 { [%clk 0:03:36] } 25... Qe4 { [%clk 0:52:48] } 26. gxf3 { [%clk 0:01:22] } 26... Nxf3 { [%clk 0:53:10] } 27. Qd7 { [%clk 0:30:00] } 27... Ne5+ { [%clk 1:23:07] } 0-1

[Event "Reykjavik Open 2025"]
[Site "Reykjavik, Iceland"]
[Date "2025.04.13"]
[Round "6.33"]
[White "Benavente, Christian"]
[Black "Petersen, Marcel"]
[Result "0-1"]
[WhiteElo "1938"]
[WhiteFideId "1636928"]
[BlackElo "2185"]
[BlackFideId "12935670"]
[TimeControl "90+30 +30 after 40 moves"]
[Variant "Standard"]
[StudyName "Round 6"]
1. d4 { [%clk 1:30:58] } 1... Nf6 { [%clk 1:30:54] } 2. Nf3 { [%clk 1:26:34] } 2... d5 { [%clk 1:31:10] } 3. c4 { [%clk 1:26:34] } 3... e6 { [%clk 1:31:01] } 4. Bf4 { [%clk 1:24:00] } 4... Bb4+ { [%clk 1:26:08] } 5. Nbd2 { [%clk 1:23:11] } 5... O-O { [%clk 1:25:24] } 6. e3 { [%clk 1:22:51] } 6... c5 { [%clk 1:22:51] } 7. dxc5 { [%clk 1:16:57] } 7... Bxc5 { [%clk 1:22:18] } 8. Be2 { [%clk 1:13:18] } 8... Nc6 { [%clk 1:21:41] } 9. O-O { [%clk 1:12:49] } 9... b6 { [%clk 1:17:17] } 10. Qc2 { [%clk 1:07:25] } 10... Bb7 { [%clk 1:15:30] } 11. Rfd1 { [%clk 1:03:54] } 11... Qe8 { [%clk 1:12:23] } 12. a3 { [%clk 0:47:19] } 12... Rc8 { [%clk 1:10:23] } 13. Rac1 { [%clk 0:39:28] } 13... a5 { [%clk 1:01:46] } 14. cxd5 { [%clk 0:29:19] } 14... Nxd5 { [%clk 1:00:38] } 15. Ng5 { [%clk 0:23:01] } 15... f5 { [%clk 0:59:10] } 16. Ndf3 { [%clk 0:19:40] } 16... Rd8 { [%clk 0:47:44] } 17. Nxe6 { [%clk 0:10:56] } 17... Qxe6 { [%clk 0:47:50] } 18. Ng5 { [%clk 0:11:21] } 18... Qg6 { [%clk 0:46:41] } 19. Qb3 { [%clk 0:10:19] } 19... Ne7 { [%clk 0:45:37] } 20. Rxc5 { [%clk 0:08:03] } 20... bxc5 { [%clk 0:46:00] } 21. Qxb7 { [%clk 0:08:14] } 21... Nxf4 { [%clk 0:38:36] } 22. exf4 { [%clk 0:04:11] } 22... Rxd1+ { [%clk 0:33:52] } 23. Bxd1 { [%clk 0:04:39] } 23... h6 { [%clk 0:34:11] } 24. Bb3+ { [%clk 0:01:59] } 24... Kh8 { [%clk 0:34:35] } 25. Nf3 { [%clk 0:01:45] } 25... Qd6 { [%clk 0:33:58] } 26. Ne5 { [%clk 0:01:31] } 26... Kh7 { [%clk 0:34:19] } 27. h4 { [%clk 0:00:56] } 27... Rb8 { [%clk 0:33:40] } 28. Qf3 { [%clk 0:01:19] } 28... Ng6 { [%clk 0:33:03] } 0-1

[Event "Reykjavik Open 2025"]
[Site "Reykjavik"]
[Date "2025.04.13"]
[Round "6.45"]
[White "Kukushkin, Ivan"]
[Black "Migot, Tangi"]
[Result "0-1"]
[WhiteElo "2030"]
[WhiteFideId "11634103"]
[BlackElo "2347"]
[BlackFideId "662445"]
[Variant "Standard"]
[StudyName "ROpen 2025 - Rd6 - Boards 45-108"]
1. e4 e5 2. Nc3 Nc6 3. Bc4 Nf6 4. d3 Bb4 5. Ne2 d5 6. exd5 Nxd5 7. Bxd5 Qxd5 8. O-O Qd7 9. f4 b6 10. a3 Be7 11. fxe5 Nxe5 12. d4 Ng6 13. Qd3 Bb7 14. Qf5 Qxf5 15. Rxf5 Bxg2 16. Nf4 Nxf4 17. Bxf4 Bh3 18. Re5 Kd7 19. Re3 Be6 20. Rd1 h5 (20... b5 21. b4 Rae8 22. Nxb5 g5 23. Be5 f6 24. Bxc7 Bc4 25. Nxa7 Kxc7 26. Rc3 Kb7 27. Rxc4 Kxa7 28. Rc7+ Kb8 29. Rc4 Kb7 30. d5 Bd8 31. b5 Re5 32. a4 Rhe8 33. a5) 21. b4 Rae8 22. Nb5 g5 23. Be5 f6 24. Bxc7 Bc4 25. Nxa7 Kxc7 26. Rc3 Kb7 27. Rxc4 Kxa7 28. Rc7+ Kb8 29. Rc6 Kb7 30. d5 Bd8 31. b5 Re5 32. a4 Rhe8 33. a5 bxa5 34. c4 Re1+ 35. Rxe1 Rxe1+ 36. Kf2 Re7 37. d6 Re5 38. Kf3 Bb6 39. d7 Re3+ 40. Kf2 Rd3+ 41. c5 Bxc5+ 42. Rxc5 Rxd7 43. Rc6 Rd5 44. Rxf6 Rxb5 45. Rh6 h4 46. Ke3 a4 47. Rf6 a3 48. Rf1 Rb4 49. Ra1 Ra4 50. Ra2 Kc6 51. Ra1 a2 52. Rc1+ Kd5 53. Ra1 Kc4 54. Rc1+ Kd5 55. Rf1 Ra6 56. Ra1 0-1

[Event "Reykjavik Open 2025"]
[Site "Reykjavik"]
[Date "2025.04.13"]
[Round "6.46"]
[White "Belz, Frank-Martin"]
[Black "Muetsch, Annmarie"]
[Result "0-1"]
[WhiteElo "2027"]
[WhiteFideId "12941026"]
[BlackElo "2329"]
[BlackFideId "12971367"]
[Variant "Standard"]
[StudyName "ROpen 2025 - Rd6 - Boards 45-108"]
1. Nf3 Nf6 2. c4 e6 3. Nc3 d5 4. e3 Be7 5. b3 O-O 6. Bb2 c5 7. cxd5 exd5 8. d4 b6 9. Be2 Ba6 10. O-O Qd7 11. Rc1 Qb7 12. Rc2 Rc8 13. Qa1 c4 14. bxc4 Bxc4 15. Ne5 Bxe2 16. Rxe2 Nc6 17. Rc1 Na5 18. f3 Nc4 19. Nxc4 Rxc4 20. e4 dxe4 21. Nxe4 Rxc1+ 22. Qxc1 Nd5 23. Rc2 h6 24. a4 Rd8 25. Rc4 f5 26. Nf2 Bg5 27. Qc2 Qe7 28. Qd3 Qe1+ 29. Qf1 Qxf1+ 30. Kxf1 Ne3+ 0-1

[Event "Reykjavik Open 2025"]
[Site "Reykjavik"]
[Date "2025.04.13"]
[Round "6.47"]
[White "Papadiamandis, Elliot"]
[Black "Vihaan, Karthikeya N"]
[Result "1-0"]
[WhiteElo "2315"]
[WhiteFideId "36074160"]
[BlackElo "2024"]
[BlackFideId "25950673"]
[Variant "Standard"]
[StudyName "ROpen 2025 - Rd6 - Boards 45-108"]
1. e4 c6 2. d4 d5 3. Nd2 dxe4 4. Nxe4 Bf5 5. Ng3 Bg6 6. h4 h6 7. Nf3 e6 8. Ne5 Bh7 9. Bd3 Bxd3 10. Qxd3 Nf6 11. Bd2 Nbd7 12. f4 c5 13. O-O-O cxd4 14. Ng6 Rg8 15. Nxf8 Nxf8 16. Rhe1 Qd5 17. Re5 Qd7 18. f5 O-O-O 19. Qa3 Qd6 20. Rc5+ Kb8 21. Ne2 e5 22. Bb4 Qa6 23. Qxa6 bxa6 24. Rxe5 N8d7 25. Re7 Rge8 26. Nxd4 Rxe7 27. Nc6+ Kc7 28. Nxe7 Re8 29. c4 h5 30. Rd3 Ne5 31. Bd6+ Kd7 32. Bxe5+ Kxe7 33. Bd6+ Kd7 34. Bf8+ Kc6 35. Bxg7 Ng4 36. Bd4 Re2 37. Rd2 Re1+ 38. Rd1 Re2 39. Rd2 Re1+ 40. Kc2 Rf1 41. Bxa7 Rxf5 42. b4 Rf4 43. Kb3 Rf1 44. a4 Rb1+ 45. Rb2 Rd1 46. Re2 Rb1+ 47. Kc3 Rc1+ 48. Rc2 Ra1 49. Bd4 Ra3+ 50. Kb2 Rd3 51. b5+ Kb7 52. Bf2 Ne5 53. c5 axb5 54. axb5 Rd5 55. Kb3 Rd3+ 56. Rc3 Rd1 57. c6+ Kc8 58. b6 Rb1+ 59. Kc2 Rb5 60. b7+ Kc7 61. Ba7 Nxc6 62. b8=Q+ 1-0

[Event "Reykjavik Open 2025"]
[Site "Reykjavik"]
[Date "2025.04.13"]
[Round "6.48"]
[White "Frayna, Janelle Mae"]
[Black "Pererva, Viktor"]
[Result "1-0"]
[WhiteElo "2311"]
[WhiteFideId "5212499"]
[BlackElo "2017"]
[BlackFideId "24696463"]
[Variant "Standard"]
[StudyName "ROpen 2025 - Rd6 - Boards 45-108"]
1. Nf3 d5 2. d4 e6 3. c4 Nf6 4. g3 dxc4 5. Qa4+ c6 6. Qxc4 b5 7. Qb3 Bb7 8. Bg2 Nbd7 9. O-O Be7 10. Nc3 O-O 11. Bg5 h6 12. Bxf6 Bxf6 13. Ne4 Qb6 14. Rac1 a5 15. Nxf6+ gxf6 16. Qe3 Kg7 17. Rfd1 Rac8 18. Nd2 f5 19. Nb3 Rfd8 20. Rd3 b4 21. Nc5 Ba6 22. Nxd7 Rxd7 23. Rd2 Bb5 24. Qe5+ Kh7 25. h4 Qc7 26. Qxc7 Rcxc7 27. Rc5 Kg7 28. e3 Kf6 29. Rdc2 Ba4 30. Rc1 Bb5 31. Bxc6 Bxc6 32. Rxc6 Rxc6 33. Rxc6 Ra7 34. Kf1 Ke7 35. Ke2 Kd7 36. Rc5 Kd6 37. Kd3 h5 38. Rc8 Ra6 39. Kc4 Ra7 40. Rc5 Ra8 41. Kb3 f6 42. Ka4 e5 43. Rxa5 Rc8 44. Rc5 Ra8+ 45. Kb3 Rb8 46. Ra5 Rb6 47. Kc4 Rc6+ 48. Rc5 Ra6 49. Kb3 Rb6 50. Rc4 Kd5 51. Rxb4 Rc6 52. a4 1-0

[Event "Reykjavik Open 2025"]
[Site "Reykjavik"]
[Date "2025.04.13"]
[Round "6.49"]
[White "Alquist, Erik"]
[Black "Bjornsson, Sigurbjorn"]
[Result "1/2-1/2"]
[WhiteElo "2024"]
[WhiteFideId "1707701"]
[BlackElo "2303"]
[BlackFideId "2300974"]
[Variant "Standard"]
[StudyName "ROpen 2025 - Rd6 - Boards 45-108"]
1. e4 c5 2. Nf3 d6 3. d4 cxd4 4. Nxd4 Nf6 5. Nc3 g6 6. Be3 Bg7 7. f3 a6 8. Qd2 h5 9. Be2 Nc6 10. O-O-O Bd7 11. Kb1 Rc8 12. h3 h4 13. f4 b5 14. Nxc6 Bxc6 15. Bf3 b4 16. Nd5 Bxd5 17. exd5 Qd7 18. Bd4 O-O 19. Rhe1 a5 20. Rc1 Rc4 21. b3 Rxd4 22. Qxd4 Qf5 23. Be4 Nxe4 24. Qxe4 Qf6 25. c3 bxc3 26. Rc2 Re8 27. Rf1 Rb8 28. Re1 Rb4 29. Qxe7 Qxf4 30. Qd8+ Kh7 31. Qxa5 Re4 32. Rec1 Qf5 33. Qb5 Rf4 34. Rd1 Bf6 35. a4 Re4 36. Qf1 Rd4 37. Rc1 Qxd5 38. Qb5 Qe4 39. Qe2 Qf5 40. Qf1 Qe6 41. Rxc3 Re4 42. Qd3 Bxc3 43. Rxc3 d5 44. Ka2 Qe5 45. Rc2 Re3 46. Qf1 Kg7 47. Qa1 d4 48. Qb2 Kh7 49. Rd2 Rc3 50. Qb1 Qe3 51. Qb2 Rxb3 52. Qxd4 Ra3+ 53. Kb1 Qb3+ 54. Rb2 Qxa4 55. Qxa4 Rxa4 56. Kc2 Rd4 57. Kc3 Rd7 58. Rf2 g5 59. Rf6 Kg7 60. Ra6 f6 61. Rb6 Kg6 62. Rb5 Rd6 63. Ra5 f5 64. Kc2 Kf6 65. Rb5 Ke6 66. Ra5 Rd5 67. Rxd5 Kxd5 68. Kd3 Ke5 69. Ke3 g4 70. hxg4 fxg4 71. Kf2 Kf4 72. g3+ 1/2-1/2

[Event "Reykjavik Open 2025"]
[Site "Reykjavik"]
[Date "2025.04.13"]
[Round "6.50"]
[White "Pisk, Petr"]
[Black "Arun, Nitish"]
[Result "1-0"]
[WhiteElo "2302"]
[WhiteFideId "304689"]
[BlackElo "2004"]
[BlackFideId "2524201"]
[Variant "Standard"]
[StudyName "ROpen 2025 - Rd6 - Boards 45-108"]
1. d4 Nf6 2. Nf3 e6 3. Bg5 d5 4. Nbd2 Be7 5. e3 O-O 6. Bd3 c5 7. c3 b6 8. Ne5 Ba6 9. Bxa6 Nxa6 10. Nc6 Qc7 11. Nxe7+ Qxe7 12. O-O cxd4 13. exd4 Nc7 14. Nf3 Nce8 15. Ne5 h6 16. Bf4 Nd6 17. Qe2 Rfc8 18. Rae1 Nc4 19. Nd3 Ne4 20. f3 Nf6 21. g4 Nd7 22. Qg2 Nf8 23. Bg3 Qb7 24. h4 Qa6 25. Qc2 Qb5 26. Rf2 a6 27. Rh2 Ra7 28. Nf4 g6 29. Nd3 Nh7 30. Bf4 g5 31. hxg5 hxg5 32. Bc1 Rcc7 33. Rxh7 Kxh7 34. Qh2+ Kg8 35. Bxg5 f6 36. Bxf6 Rh7 37. Qb8+ Kf7 38. Qxa7+ Kg6 39. Nf4+ 1-0

[Event "Reykjavik Open 2025"]
[Site "Reykjavik"]
[Date "2025.04.13"]
[Round "6.51"]
[White "Ternault, Mathieu"]
[Black "Doran, Chris"]
[Result "0-1"]
[WhiteElo "2301"]
[WhiteFideId "20641532"]
[BlackElo "1957"]
[BlackFideId "503835"]
[Variant "Standard"]
[StudyName "ROpen 2025 - Rd6 - Boards 45-108"]
1. d4 Nf6 2. Bg5 Ne4 3. Bf4 c5 4. f3 Qa5+ 5. c3 Nf6 6. d5 e6 7. e4 exd5 8. exd5 d6 9. Na3 Be7 10. Nc4 Qc7 11. g4 O-O 12. Ne2 Re8 13. Qd2 Nbd7 14. O-O-O b5 15. Ne3 Qa5 16. Kb1 Nb6 17. Bg3 Nfxd5 18. Nxd5 Nxd5 19. Qxd5 Be6 20. Qd3 Bxa2+ 21. Kc1 Bb3 22. Kd2 Bxd1 23. Kxd1 Bf6 24. Nf4 c4 25. Qd2 Bg5 26. Kc2 Rab8 27. h4 Bxf4 28. Bxf4 Qa4+ 29. Kb1 b4 30. Bxc4 b3 31. Bd3 0-1

[Event "Reykjavik Open 2025"]
[Site "Reykjavik"]
[Date "2025.04.13"]
[Round "6.52"]
[White "Darvekar, Yash"]
[Black "Llari, Marc"]
[Result "1/2-1/2"]
[WhiteElo "2024"]
[WhiteFideId "2624150"]
[BlackElo "2299"]
[BlackFideId "651044269"]
[Variant "Standard"]
[StudyName "ROpen 2025 - Rd6 - Boards 45-108"]
1. e4 c5 2. Nf3 Nc6 3. d4 cxd4 4. Nxd4 e5 5. Nb5 d6 6. N1c3 a6 7. Na3 Be6 8. g3 Nf6 9. Bg5 Be7 10. Bxf6 Bxf6 11. Nd5 Qa5+ 12. c3 Bxd5 13. Qxd5 Qxd5 14. exd5 Ne7 15. Nc4 O-O-O 16. Bg2 Bg5 17. O-O Kc7 18. Rae1 Rhe8 19. f4 exf4 20. gxf4 Bh4 21. Re4 Ng8 22. Ne5 dxe5 23. fxe5 Bf6 24. d6+ Kb8 25. Rb4 b5 26. exf6 Nxf6 27. a4 Re5 28. Rd1 Ne8 29. axb5 Rxb5 30. d7 Nf6 31. Rxb5+ axb5 32. Bc6 b4 33. cxb4 Kc7 34. Rc1 Nxd7 35. Bd5+ Kb8 36. Bxf7 Ne5 37. Rf1 { [%csl Gf1] } 37... Rd4 38. b5 Rb4 39. Rf5 Rxb5 40. Bc4 Ra5 41. b4 Ra1+ 42. Bf1 Ng4 43. Rf8+ Kc7 44. Rf7+ Kb6 45. Rxg7 Nxh2 46. Kxh2 Rxf1 47. Rxh7 1/2-1/2

[Event "Reykjavik Open 2025"]
[Site "Reykjavik"]
[Date "2025.04.13"]
[Round "6.53"]
[White "Ronka, Erik"]
[Black "Arndt, Uwe"]
[Result "0-1"]
[WhiteElo "2295"]
[WhiteFideId "505080"]
[BlackElo "1956"]
[BlackFideId "24647713"]
[Variant "Standard"]
[StudyName "ROpen 2025 - Rd6 - Boards 45-108"]
1. e4 c6 2. d4 d5 3. e5 Bf5 4. Nc3 e6 5. g4 Bg6 6. Nge2 Ne7 7. Ng3 Nd7 8. f4 f5 9. exf6 gxf6 10. Bg2 e5 11. Nce2 Qa5+ 12. c3 O-O-O 13. O-O h6 14. Be3 Bg7 15. Qd2 h5 16. gxh5 Bxh5 17. fxe5 fxe5 18. Bg5 Bf8 19. Rxf8 Rdxf8 20. Bxe7 Re8 21. Bg5 exd4 22. Nxd4 Bg6 23. Bf4 Nf6 24. Ngf5 Bxf5 25. Nxf5 Kd7 26. Nd4 Qc5 27. Qd3 Ne4 28. Rf1 Reg8 29. Kh1 Qe7 30. c4 Qh7 31. Qb3 Kc8 32. Qe3 Qg6 33. Bh3+ Kd8 34. cxd5 Rxh3 35. Ne6+ Kc8 36. Qe2 Nf2+ 37. Qxf2 Qe4+ 0-1

[Event "Reykjavik Open 2025"]
[Site "Reykjavik"]
[Date "2025.04.13"]
[Round "6.54"]
[White "Luk, Danbe"]
[Black "Schouten, Mathias Lind"]
[Result "0-1"]
[WhiteElo "2018"]
[WhiteFideId "66203287"]
[BlackElo "2279"]
[BlackFideId "1532790"]
[Variant "Standard"]
[StudyName "ROpen 2025 - Rd6 - Boards 45-108"]
1. d4 d5 2. Nf3 Nf6 3. c4 c5 4. cxd5 cxd4 5. Qxd4 Qxd5 6. Nc3 Qxd4 7. Nxd4 a6 8. g3 e5 9. Nf3 Nc6 10. Bg2 Bb4 11. Bd2 h6 12. O-O O-O 13. Rac1 Rd8 14. Rfd1 Be6 15. a3 Ba5 16. Be3 Bxc3 17. bxc3 Nd5 18. Bd2 Nb6 19. Be3 Nc4 20. Rxd8+ Rxd8 21. a4 Nxe3 22. fxe3 Bb3 23. Rb1 Rd1+ 24. Rxd1 Bxd1 25. Bh3 f6 26. Bc8 Na5 27. Nd2 Bxa4 28. Ne4 Bc6 29. Nd6 Kf8 30. g4 g6 31. h4 Ke7 32. h5 Kxd6 33. hxg6 Bd5 34. g7 Ke7 35. c4 Bxc4 0-1